000 00688nam a2200265 i 4500
001 C2-0249631
003 PPAK
005 20180727213527.0
008 030520s1991 my |||| ||||| | may d
020 _a9836220879
040 _aPPAK
_beng
_cPPAK
_erda
082 0 4 _a899.233
_223
090 0 0 _a899.233
_bNAZ
_dG
100 0 _aNazel Hashim Mohamad,
_eauthor
245 1 0 _aTekad
264 1 _aKuala Lumpur :
_bDewan Bahasa dan Pustaka ,
_c1991
300 _a230 pages ;
_c18 cm
336 _2rdacontent
_atext
337 _2rdamedia
_aunmediated
338 _2rdacarrier
_avolume
490 1 _aNovel remaja
650 1 0 _aMalay fiction
830 0 _aNovel remaja
942 _ddc
_cB
999 _c63063
_d63063